000 00508nam a22001817a 4500
003 OSt
005 20240926123059.0
008 240926b |||||||| |||| 00| 0 eng d
020 _a81-713-0500-8
040 _cSBCL
082 _a894.8123
_bRAM-Y
100 _aRamakrishnan,Malayattor
245 _aYakshi
260 _aKottayam
_bD C Books
_c2024
300 _a175p.
650 _2Literature
_a Literatures of other languages
_vAltaic, Uralic, Hyperborean & Dravidian
_xMalayalam Novel
942 _cBOOK
999 _c136278
_d136278